عرض عادي
عرض مارك
- تركيا
دخول Topical Term
001 - CONTROL NUMBER
- control field: 28811
003 - CONTROL NUMBER IDENTIFIER
- control field: AE-AdECS
005 - DATE AND TIME OF LATEST TRANSACTION
- control field: 20260420083549.0
008 - FIXED-LENGTH DATA ELEMENTS
- fixed length control field: 260420|| aca||aabn | a|a d
040 ## - CATALOGING SOURCE
- Original cataloging agency: AE-AdECS
- Transcribing agency: AE-AdECS
150 ## - HEADING--TOPICAL TERM
- Topical term or geographic name entry element: تركيا
- General subdivision: الأحوال السياسية
670 ## - SOURCE DATA FOUND
- Source citation: Work cat.: (AE-AdECS)294789: آدم، سعيد، مؤلف. 28808, البعد الجيوإستراتيجي للشرق الأوسط الجديد :
